Statistics for Top Scorer by NHL Team

Click here to take the quiz!

General Stats

  • This quiz has been taken 133 times
  • The average score is 7 of 30

Answer Stats

TeamPlayer% Correct
Anaheim DucksRyan Getzlaf
82%
Pittsburgh PenguinsSidney Crosby
53%
Washington CapitalsAlex Ovechkin
52%
Vancouver CanucksHenrik Sedin
39%
Dallas StarsTyler Seguin
35%
Philadelphia FlyersClaude Giroux
33%
Edmonton OilersTaylor Hall
33%
Detroit Red WingsHenrik Zetterberg
32%
Winnipeg JetsBlake Wheeler
30%
Los Angeles KingsAnze Kopitar
29%
Carolina HurricanesEric Staal
29%
Boston BruinsDavid Krejci
25%
New Jersey DevilsJaromir Jagr
25%
Toronto Maple LeafsPhil Kessel
25%
San Jose SharksJoe Pavelski
21%
Colorado AvalancheMatt Duchene
21%
Chicago BlackhawksPatrick Sharp
21%
Nashville PredatorsShea Weber
19%
Ottawa SenatorsErik Karlsson
18%
New York IslandersKyle Okposo
18%
Columbus Blue JacketsRyan Johansen
12%
Montreal CanadiensThomas Vanek
11%
Calgary FlamesJiri Hudler
10%
St. Louis BluesT.J. Oshie
10%
New York RangersMats Zuccarello
6%
Minnesota WildJason Pominville
5%
Buffalo SabresTyler Ennis
5%
Phoenix CoyotesKeith Yandle
4%
Tampa Bay LightningValtteri Filppula
2%
Florida PanthersScottie Upshall
1%

Score Distribution

Percentile by Number Answered

Percent of People with Each Score

Your Score History

You have not taken this quiz